000
00158nam a22000857a 4500
082
_a
428FOW
100
_a
Fowler
245
_a
Modern english usage
942
_c
BK
999
_c
15188
_d
15188